| 000 | 00541nam a2200193 a 4500 | ||
|---|---|---|---|
| 001 | 1770453311965 | ||
| 003 | YourLibrary | ||
| 005 | 20260207140842.0 | ||
| 008 | 260207s2009##################000#0#eng## | ||
| 020 | _a9780840049216 | ||
| 082 | 0 | 4 |
_a333.33830973 _bMUN |
| 100 | 1 |
_aMunizzo, Mark A., _eauthor. |
|
| 245 | 1 | 0 | _aResidential Sales Comparison and Income Approaches : |
| 260 |
_bSouth-Western Pub, _c2009. |
||
| 300 | _a304 pages | ||
| 650 | 0 | _aBusiness & Economics. | |
| 942 | _cENGLISH | ||
| 040 |
_aYourLibrary _beng _cYourLibrary |
||
| 999 |
_c610963 _d610963 |
||